000 00639nam a2200205Ia 4500
001 5258
003 GE_BSU
008 181216s||||||||xx |||||||||||||| ||und||
040 _cGE_BSU
080 _a512.12
100 _aБашмаков М.И.
245 _aУравнения и неравенства.
245 _cРед. серии И. М. Гельфанд.
260 _bНаука Гл. ред. физ-матлит-ры
260 _c1971.
300 _a93с.20 см.
300 _eбиб.физико-математической школы. Вып.5
653 _aУравнения и неравенства.
942 _cBK
999 _c38848
_d38848